Trường ca anh em Chi Blơng và trường ca anh em Chi Mơ Nâm Dân tộc Chăm ở Phú Yên

Na minha lista:
Detalhes bibliográficos
Autor principal: Ka Sô Liễng
Formato: Livro
Idioma:Vietnamese
Publicado em: H. Văn hoá dân tộc 2012
Assuntos:
Tags: Adicionar Tag
Sem tags, seja o primeiro a adicionar uma tag!
Thư viện lưu trữ: Mạng thư viện Đại học Đà Nẵng
LEADER 01326aam a22003858a 4500
001 000018087
003 14514
005 20130904100920.0
008 130904s2012 viesd
020 |d 2000b 
041 0 |a vie 
082 1 4 |2 14  |a 398.80959755  |b KA-L 
100 1 |a Ka Sô Liễng 
245 1 0 |a Trường ca anh em Chi Blơng và trường ca anh em Chi Mơ Nâm  |b Dân tộc Chăm ở Phú Yên  |c Ka Sô Liễng s.t. 
260 |a H.  |b Văn hoá dân tộc  |c 2012 
300 |a 799 tr.  |c 21 cm. 
500 |a ĐTTS ghi: Hội Văn nghệ dân gian Việt Nam 
650 0 4 |a Văn học dân gian  |x Dân tộc Chăm  |z Phú Yên 
650 7 |2 Bộ TK TVQG 
650 7 |2 Bộ TK TVQG 
651 7 |2 Bộ TK TVQG  |a Phú Yên 
653 |a Trường ca 
653 |a Chi Blơng 
653 |a Chi Mơ Nâm 
655 7 |2 Bộ TK TVQG  |a Trường ca 
OWN |a LSP 
AVA |a UDN50  |b LSP  |d 398.80959755 KA-L  |e available  |t Error 5001 Not defined in file expand_doc_bib_avail.  |f 1  |g 0  |h N  |i 0  |k 1 
999 |a From the UDN01 
AVA |a UDN50  |b LSP  |d 398.80959755 KA-L  |e available  |t Error 5001 Not defined in file expand_doc_bib_avail.  |f 1  |g 0  |h N  |i 0  |k 1 
TYP |a Monograph 
TYP |a Printed language 
980 |a Mạng thư viện Đại học Đà Nẵng